000 00688nam a22002297a 4500
005 20170124105938.0
010 _a880401
020 _c00.00
035 _a880401
037 _bCen Lib/Ret
040 _aDPL
_bEN
082 _a324.54
_bARO
100 _aArora, N.D.
_910456
245 _aThe lok sabha election in india :
_cby N.D. Arora
_ba study in statistics /
260 _aNew Delhi
_bPregatee Prakashan
_c1977
270 _bNew Delhi
_a41, hakikat nagar
_e110009
300 _avi, 198p.
_c21cm(Hb)
500 _aIncludes index
650 _aPolitical parties
_91274
650 _aLok sabha election
_zIndia
_910457
942 _2ddc
_cEN
_h324.54
_mARO
999 _c124351
_d124351